State of denial / (Record no. 15077)

000 -LEADER
fixed length control field 01939cam a2200361 a 4500
001 - CONTROL NUMBER
control field 14996218
005 - DATE AND TIME OF LATEST TRANSACTION
control field 20170105102910.0
008 - FIXED-LENGTH DATA ELEMENTS--GENERAL INFORMATION
fixed length control field 070906s2007 nyua b 001 0deng
010 ## - LIBRARY OF CONGRESS CONTROL NUMBER
LC control number 2007280131
020 ## - INTERNATIONAL STANDARD BOOK NUMBER
International Standard Book Number 9780743272247 (pbk.)
020 ## - INTERNATIONAL STANDARD BOOK NUMBER
International Standard Book Number 0743272242 (pbk.)
040 ## - CATALOGING SOURCE
Original cataloging agency DLC
Transcribing agency DLC
Modifying agency DLC
043 ## - GEOGRAPHIC AREA CODE
Geographic area code n-us---
050 00 - LIBRARY OF CONGRESS CALL NUMBER
Classification number E903.3
Item number .W67 2007
082 00 - DEWEY DECIMAL CLASSIFICATION NUMBER
Classification number 973.931092
Edition number 22
100 1# - MAIN ENTRY--PERSONAL NAME
Personal name Woodward, Bob,
Dates associated with a name 1943-
245 10 - TITLE STATEMENT
Title State of denial /
Statement of responsibility, etc. Bob Woodward.
250 ## - EDITION STATEMENT
Edition statement 1st Simon & Schuster trade pbk. ed.
260 ## - PUBLICATION, DISTRIBUTION, ETC.
Place of publication, distribution, etc. New York :
Name of publisher, distributor, etc. Simon & Schuster Paperbacks,
Date of publication, distribution, etc. 2007.
300 ## - PHYSICAL DESCRIPTION
Extent xiv, 560 p. :
Other physical details ill. ;
Dimensions 22 cm.
500 ## - GENERAL NOTE
General note "Bush at war, part III"--Cover.
504 ## - BIBLIOGRAPHY, ETC. NOTE
Bibliography, etc. note Includes bibliographical references (p. 494-522) and index.
520 ## - SUMMARY, ETC.
Summary, etc. A secret Pentagon assessment sent to the White House in May 2006 forecasted a more violent 2007 in Iraq, contradicting the repeated optimistic statements of President Bush. This book examines how the Bush administration avoided telling the truth about Iraq to the public, to Congress, and often to themselves. In this detailed inside story of a war-torn White House, Woodward answers the core questions: What happened after the invasion of Iraq? Why? How does Bush make decisions and manage a war that he chose to define his presidency? And is there an achievable plan for victory?--From publisher description.
600 10 - SUBJECT ADDED ENTRY--PERSONAL NAME
Personal name Bush, George W.
Fuller form of name (George Walker),
Dates associated with a name 1946-
650 #0 - SUBJECT ADDED ENTRY--TOPICAL TERM
Topical term or geographic name entry element National security
Geographic subdivision United States
General subdivision Decision making.
650 #0 - SUBJECT ADDED ENTRY--TOPICAL TERM
Topical term or geographic name entry element Iraq War, 2003-2011.
651 #0 - SUBJECT ADDED ENTRY--GEOGRAPHIC NAME
Geographic name United States
General subdivision Military policy
-- Decision making.
651 #0 - SUBJECT ADDED ENTRY--GEOGRAPHIC NAME
Geographic name United States
General subdivision Officials and employees.
856 42 - ELECTRONIC LOCATION AND ACCESS
Materials specified Publisher description
Uniform Resource Identifier <a href="http://www.loc.gov/catdir/enhancements/fy0801/2007280131-d.html">http://www.loc.gov/catdir/enhancements/fy0801/2007280131-d.html</a>
906 ## - LOCAL DATA ELEMENT F, LDF (RLIN)
a 7
b cbc
c origcop
d 1
e ncip
f 20
g y-gencatlg
942 ## - ADDED ENTRY ELEMENTS (KOHA)
Source of classification or shelving scheme
Koha item type Book
Holdings
Withdrawn status Lost status Damaged status Not for loan Collection code Permanent Location Current Location Shelving location Date acquired Total Checkouts Full call number Barcode Date last seen Price effective from Koha item type
          Central Library (CL) Central Library (CL) General Stacks 10/01/2013   973.931092 WOO 2006 CIPS0001483 10/28/2013 10/28/2013 Book
© 2023 Central Library, National University of Sciences and Technology. All Rights Reserved.